Biblioteca y Centro de Documentación

Vista normal Vista MARC

Entrada Nombre corporativo

Número de registros utilizados en: 1

001 - NÚMERO DE CONTROL

  • Campo de control: 40739

003 - IDENTIFICADOR DE NÚMERO DE CONTROL

  • Campo de control: ES-MaCES

005 - FECHA Y HORA DE LA ULTIMA MODIFICACION

  • Campo de control: 20230824140345.0

008 - ELEMENTOS DE DATOS DE LONGITUD FIJA

  • Campo de longitud fija: 230824|| azz||aabn | a|a d

040 ## - FUENTE DE LA CATALOGACIÓN

  • Agencia original de catalogación: ES-MaCES

110 1# - ENCABEZAMIENTO--NOMBRE CORPORATIVO

  • Nombre corporativo o de jurisdicción como elemento de entrada: España
  • Título de una obra: Ley por el Derecho a la vivienda, 2023

670 ## - FUENTE DE DATOS ENCONTRADOS

  • Fuente de citación: BOE núm. 124, de 25/05/2023
  • Información encontrada: Ley 12/2023, de 24 de mayo, por el derecho a la vivienda
© CES, Consejo Económico y Social de España 2021